书目信息 |
| 题名: |
新编中国语文
|
|
| 作者: | 苏峰 主编 | |
| 分册: | ||
| 出版信息: | 成都 西南交通大学出版社 2009.03 |
|
| 页数: | 211页 | |
| 开本: | 23cm | |
| 丛书名: | ||
| 单 册: | ||
| 中图分类: | H1 | |
| 科图分类: | ||
| 主题词: | 汉语--han yu--高等学校--教材 | |
| 电子资源: | ||
| ISBN: | 978-7-5643-0193-4 | |
| 000 | 00807nam0 2200253 450 | |
| 001 | 012009813955 | |
| 005 | 20091127184737.57 | |
| 010 | @a978-7-5643-0193-4@dCNY24.00 | |
| 100 | @a20091127d2009 em y0chiy0120 ea | |
| 101 | 0 | @achi |
| 102 | @aCN@b510000 | |
| 105 | @aa a 000yy | |
| 106 | @ar | |
| 200 | 1 | @a新编中国语文@Axin bian zhong guo yu wen@f苏峰主编@Fsu feng zhu bian |
| 210 | @a成都@c西南交通大学出版社@d2009.03 | |
| 215 | @a211页@d23cm | |
| 320 | @a有书目 | |
| 330 | @a语文能力是人生的最基本能力之一。小到个人生活起居,大到国家振兴,人们在沟通交流、生存发展中,无一不用到语文能力。 | |
| 517 | 1 | @a中国语文@Azhong guo yu wen |
| 606 | 0 | @a汉语@Ahan yu@x高等学校@j教材 |
| 690 | @aH1@v4 | |
| 701 | 0 | @a苏峰@Asu feng@4主编 |
| 801 | 0 | @aCN@bQSSK@c20091127 |
| 905 | @b765826-28@dH1@eS804@f3 | |
| 新编中国语文/苏峰主编.-成都:西南交通大学出版社,2009.03 |
| 211页;23cm |
| ISBN 978-7-5643-0193-4:CNY24.00 |
| 语文能力是人生的最基本能力之一。小到个人生活起居,大到国家振兴,人们在沟通交流、生存发展中,无一不用到语文能力。 |
| ● |
| 相关链接 |
|
|
|
正题名:新编中国语文
索取号:H1/S804
 
预约/预借
| 序号 | 登录号 | 条形码 | 馆藏地/架位号 | 状态 | 备注 |
| 1 | 765826 | 207658266 | 语言库209/209语言库 69排3列2层/ [索取号:H1/S804] | 在馆 | |
| 2 | 765827 | 207658275 | 语言库209/209语言库 69排3列2层/ [索取号:H1/S804] | 在馆 | |
| 3 | 765828 | 207658284 | 语言库209/209语言库 69排3列2层/ [索取号:H1/S804] | 在馆 |